The art of wealth (Record no. 3390)
[ view plain ]
| 000 -LEADER | |
|---|---|
| fixed length control field | 00691 a2200205 4500 |
| 010 ## - LIBRARY OF CONGRESS CONTROL NUMBER | |
| LC control number | ENG-85683 |
| 020 ## - INTERNATIONAL STANDARD BOOK NUMBER | |
| Terms of availability | 195.00 |
| International Standard Book Number | 8187671645 |
| 035 ## - SYSTEM CONTROL NUMBER | |
| System control number | EN-69216 |
| 037 ## - SOURCE OF ACQUISITION | |
| Source of stock number/acquisition | D.B.Act / Pub |
| 082 14 - DEWEY DECIMAL CLASSIFICATION NUMBER | |
| Classification number | 332.02401 |
| 090 ## - LOCALLY ASSIGNED LC-TYPE CALL NUMBER (OCLC); LOCAL CALL NUMBER (OCLC) | |
| -- | 3457 |
| -- | 3457 |
| 245 1# - TITLE STATEMENT | |
| Title | The art of wealth |
| Statement of responsibility, etc | by translated from Sanskrit by Thomas C leary |
| Remainder of title | strategies for success |
| 260 ## - PUBLICATION, DISTRIBUTION, ETC. (IMPRINT) | |
| Place of publication, distribution, etc | Chennai |
| Name of publisher, distributor, etc | Westland Books |
| Date of publication, distribution, etc | 2006 |
| 270 ## - ADDRESS | |
| Address | New No. 571, P.H.Road, Aminjikarai, |
| City | Chennai |
| Postal code | 600 029 |
| 300 ## - PHYSICAL DESCRIPTION | |
| Extent | vii, 277 p. |
| Dimensions | 22 cm ( Pbk.) |
| 500 ## - GENERAL NOTE | |
| General note | Includes index |
| 700 1# - ADDED ENTRY--PERSONAL NAME | |
| Personal name | Cleary, Thomas |
| 942 ## - ADDED ENTRY ELEMENTS (KOHA) | |
| Institution code [OBSOLETE] | dpl |
| Koha item type | English Books |
| Call number prefix | 332.02401 / ART |
| Withdrawn status | Lost status | Source of classification or shelving scheme | Damaged status | Not for loan | Collection code | Home library | Current library | Source of acquisition | Cost, normal purchase price | Total Checkouts | Full call number | Barcode | Date last seen | Copy number | Uniform Resource Identifier | Cost, replacement price | Price effective from | Koha item type |
|---|---|---|---|---|---|---|---|---|---|---|---|---|---|---|---|---|---|---|
| Dewey Decimal Classification | Not For Loan | Non-fiction | D.B.Act.Division | D.B.Act.Division | DBAD/PUB | 195.00 | 332.02401 | EN-69216 | 15/09/2008 | 1 | 3611 | 195.00 | 15/09/2008 | English Books |
